logo

Bir Sreshtho Munshi Abdur Rouf Library
Jhenaidah Cadet College

American Voices : (Record no. 6639)

MARC details
000 -LEADER
fixed length control field 00630nam a22002417a 4500
001 - CONTROL NUMBER
JCCL Control Number 6639
003 - CONTROL NUMBER IDENTIFIER
JCCL marc code BD-JhCC
005 - DATE AND TIME OF LATEST TRANSACTION
control field 20180401121146.0
008 - FIXED-LENGTH DATA ELEMENTS--GENERAL INFORMATION
fixed length control field 180127s2006 bg ao||| |||| 00| 0 eng d
020 ## - INTERNATIONAL STANDARD BOOK NUMBER
International Standard Book Number 9848715053
035 ## - SYSTEM CONTROL NUMBER
system control number (BD-JhCC)6639
040 ## - CATALOGING SOURCE
Original cataloging agency BD-JhCC
Modifying agency BD-JhCC
041 ## - LANGUAGE CODE
Language code of Book eng
082 ## - DEWEY DECIMAL CLASSIFICATION NUMBER
Classification number 954.9205
Author mark and Year AME 2006
245 ## - TITLE STATEMENT
Title American Voices :
Remainder of title an American Literature Reader /
Statement of responsibility, etc Edited By Niaz Zaman
260 ## - PUBLICATION, DISTRIBUTION, ETC. (IMPRINT)
Place of publication, distribution, etc Dhaka :
Name of publisher, distributor, etc writer.ink,
Date of publication, distribution, etc 2006.
300 ## - PHYSICAL DESCRIPTION
Pagination 568 p. :
Other physical details ill.;
Dimensions 26 cm.
500 ## - GENERAL NOTE
General note Includes Index
650 ## - SUBJECT ADDED ENTRY--TOPICAL TERM
Topical term or geographic name as entry element American Literture
700 ## - ADDED ENTRY--PERSONAL NAME
Personal name Zaman, Niaz
942 ## - ADDED ENTRY ELEMENTS (KOHA)
Source of classification or shelving scheme Dewey Decimal Classification
Koha item type Books
Holdings
Source of classification or shelving scheme volume number Damaged status Not for loan Home library Current library Shelving location Cost, normal purchase price Total Checkouts Full call number Barcode Date last seen Copy number Koha item type Date of accession
Dewey Decimal Classification V-1     JCC Rouf Library JCC Rouf Library General Stacks 750.00   954.9205 AME 2006 8985 01/27/2018 C - 1 Books  
Dewey Decimal Classification V-2     JCC Rouf Library JCC Rouf Library General Stacks     954.9205 AME 2006 8147 02/03/2018 C-2 Books 02/03/2018
Dewey Decimal Classification       JCC Rouf Library JCC Rouf Library General Stacks     954.9205 AME 2006 12380 03/12/2018 C - 1 Books  
Dewey Decimal Classification       JCC Rouf Library JCC Rouf Library General Stacks     954.9205 AME 2006 12379 03/12/2018 C - 4 Books  

JCC Library | Contacts | JCC Home

Last Update on 23 September 2017
Copyright @ 2017-2020 JCC Rouf Library
Rouf Library, Jhenidah Cadet College (JCC), Bangladesh